Normal view MARC view

Entry Personal Name

Number of records used in: 1

001 - CONTROL NUMBER

  • control field: 179048

003 - CONTROL NUMBER IDENTIFIER

  • control field: OSt

005 - DATE AND TIME OF LATEST TRANSACTION

  • control field: 20240912090609.0

008 - FIXED-LENGTH DATA ELEMENTS

  • fixed length control field: 240912|| aca||aabn | a|a d

040 ## - CATALOGING SOURCE

  • Original cataloging agency: OSt
  • Transcribing agency: OSt

100 ## - HEADING--PERSONAL NAME

  • Personal name: CHAUHAN (Nawab Sinha).
  • Dates associated with a name: नवाब सिंह चौहान

670 ## - SOURCE DATA FOUND

  • Source citation: Work cat.: (OSt)83132: CHAUHAN (Nawab Sinha). नवाब सिंह चौहान, Bhujha na dip pyar ka., 1965